[Event "IECC KO-1070"]
[Site "IECC email"]
[Date "2008.06.10"]
[Round "?"]
[White "Copin, Jean Christophe"]
[Black "Sanchez, Juan Jose"]
[Result "0-1"]
[WhiteElo "1332"]
[BlackElo "1489"]
[PlyCount "22"]
[EventDate "2007.??.??"]
[EventType "match (corr)"]
[EventRounds "2"]
[SourceTitle "Corr 2013"]
[Source "ChessBase"]
[SourceDate "2012.11.12"]
[SourceVersion "1"]
[SourceVersionDate "2012.11.12"]
[SourceQuality "1"]
[WhiteTeam "US of America"]
[BlackTeam "England"]
[WhiteTeamCountry "USA"]
[BlackTeamCountry "ENG"]

1. Nf3 Nf6 2. e3 g6 3. d4 Bg7 4. c4 d6 5. Bd3 0-0 6. Nc3 Nbd7 7. a4 e5 8. 0-0 Re8 9. b4 e4 10. Nxe4 Nxe4 11. Bxe4 Rxe4 0-1

[Event "IECC KO-1068"]
[Site "IECC email"]
[Date "2008.06.10"]
[Round "?"]
[White "Helfrich, Cory"]
[Black "Sanchez, Juan Jose"]
[Result "1/2-1/2"]
[WhiteElo "1746"]
[BlackElo "1668"]
[PlyCount "162"]
[EventDate "2007.??.??"]
[EventType "match (corr)"]
[EventRounds "2"]
[SourceTitle "Corr 2011"]
[Source "ChessBase"]
[SourceDate "2010.08.31"]
[SourceVersion "1"]
[SourceVersionDate "2010.08.31"]
[SourceQuality "1"]
[WhiteTeam "Canada"]
[BlackTeam "Argentina"]
[WhiteTeamCountry "CAN"]
[BlackTeamCountry "ARG"]

1. d4 f5 2. Nc3 d5 3. Bf4 a6 4. Nf3 Nf6 5. e3 e6 6. Bd3 c5 7. dxc5 Bxc5 8. 0-0 0-0 9. Ne2 Nc6 10. c4 Nb4 11. Ned4 Qe7 12. Be2 Bxd4 13. exd4 dxc4 14. Bxc4 b5 15. Bb3 Bb7 16. a3 Nbd5 17. Bg5 Qd6 18. Ne5 h6 19. Bc1 a5 20. Qd3 a4 21. Ba2 b4 22. axb4 Nxb4 23. Qa3 Rfd8 24. Bxe6+ Qxe6 25. Qxb4 Rab8 26. Qd2 Qd5 27. Nf3 Ne4 28. Qe2 Re8 29. Qd1 Bc6 30. Re1 Rb4 31. h3 g5 32. Re3 Re6 33. Raa3 Bb5 34. Re1 f4 35. Kh2 h5 36. Qc2 Bc6 37. Ne5 Rxd4 38. Nxc6 Qxc6 39. Qxc6 Rxc6 40. f3 Nf2 41. h4 gxh4 42. Rc3 Rxc3 43. bxc3 Rd5 44. Bxf4 a3 45. Re2 Nd3 46. Bh6 Rc5 47. Rc2 Kf7 48. Kh3 Nb2 49. Kxh4 a2 50. Rc1 Kg6 51. Ra1 Ra5 52. Bc1 Ra4+ 53. Kh3 Nd1 54. Bd2 Nf2+ 55. Kh2 Nd3 56. Be3 Ne5 57. Kg1 Kf5 58. Kf2 Nc4 59. Bc1 h4 60. g3 Ne5 61. g4+ Ke6 62. Be3 Nc4 63. Bc1 Kd5 64. Kg2 Ne5 65. Bg5 Ng6 66. Kh3 Kc4 67. f4 Kb3 68. f5 Ne5 69. Bf6 Nxg4 70. Bd4 Nh6 71. f6 Ra5 72. Kxh4 Nf5+ 73. Kg4 Kb2 74. Rh1 a1Q 75. Rxa1 Kxa1 76. Kf4 Nh6 77. c4+ Ka2 78. c5 Nf7 79. Kf5 Kb3 80. Ke6 Ng5+ 81. Kf5 Nh7 1/2-1/2

[Event "IECC KO-1070"]
[Site "IECC email"]
[Date "2008.06.10"]
[Round "?"]
[White "Sanchez, Juan Jose"]
[Black "Copin, Jean Christophe"]
[Result "1-0"]
[WhiteElo "1480"]
[BlackElo "1341"]
[PlyCount "21"]
[EventDate "2007.??.??"]
[EventType "match (corr)"]
[EventRounds "2"]
[SourceTitle "Corr 2013"]
[Source "ChessBase"]
[SourceDate "2012.11.12"]
[SourceVersion "1"]
[SourceVersionDate "2012.11.12"]
[SourceQuality "1"]
[WhiteTeam "US of America"]
[BlackTeam "England"]
[WhiteTeamCountry "USA"]
[BlackTeamCountry "ENG"]

1. e4 e6 2. d4 d5 3. Nc3 Nf6 4. Bg5 h6 5. Bxf6 gxf6 6. exd5 e5 7. Nf3 Bg4 8. h3 Bxf3 9. Qxf3 Qe7 10. d6 cxd6 11. Nd5 1-0

[Event "IECC KO-1069"]
[Site "IECC email"]
[Date "2008.03.10"]
[Round "?"]
[White "Robertson, John"]
[Black "Sanchez, Juan Jose"]
[Result "0-1"]
[WhiteElo "974"]
[BlackElo "1431"]
[PlyCount "48"]
[EventDate "2007.??.??"]
[EventType "match (corr)"]
[EventRounds "2"]
[SourceTitle "Corr 2013"]
[Source "ChessBase"]
[SourceDate "2012.11.12"]
[SourceVersion "1"]
[SourceVersionDate "2012.11.12"]
[SourceQuality "1"]
[WhiteTeam "US of America"]
[BlackTeam "England"]
[WhiteTeamCountry "USA"]
[BlackTeamCountry "ENG"]

1. e4 c5 2. c4 Nc6 3. Ne2 d6 4. Nbc3 e5 5. Nd5 Be7 6. Ng3 Nf6 7. h3 Nxd5 8. exd5 Nd4 9. Ne4 0-0 10. d3 f5 11. Nc3 f4 12. f3 Bh4+ 13. Kd2 Bf5 14. Ne2 Qa5+ 15. Nc3 a6 16. Qa4 Qd8 17. Ne2 b5 18. Qd1 Qa5+ 19. Nc3 b4 20. Ne2 b3+ 21. Nc3 Rab8 22. Rg1 Bf2 23. Be2 Nc2 24. a3 Be3# 0-1

[Event "IECC Swiss-526.2"]
[Site "IECC email"]
[Date "2007.12.17"]
[Round "?"]
[White "Pivirotto, Filiberto"]
[Black "Sanchez, Juan Jose"]
[Result "1/2-1/2"]
[WhiteElo "1695"]
[BlackElo "1634"]
[PlyCount "114"]
[EventDate "2007.??.??"]
[EventType "swiss (corr)"]
[EventRounds "1"]
[SourceTitle "Corr 2011"]
[Source "ChessBase"]
[SourceDate "2010.08.31"]
[SourceVersion "1"]
[SourceVersionDate "2010.08.31"]
[SourceQuality "1"]
[WhiteTeam "Italy"]
[BlackTeam "Argentina"]
[WhiteTeamCountry "ITA"]
[BlackTeamCountry "ARG"]

1. b3 Nf6 2. Bb2 g6 3. e3 Bg7 4. Nf3 d6 5. c4 Bf5 6. d4 Nc6 7. Bd3 Qd7 8. 0-0 e5 9. Bxf5 Qxf5 10. d5 Ne7 11. h3 0-0-0 12. Nbd2 Qh5 13. e4 Nd7 14. b4 f5 15. c5 Kb8 16. c6 Nb6 17. a4 fxe4 18. Nxe4 Qf5 19. Nfg5 Nbxd5 20. g4 Qc8 21. cxb7 Qxb7 22. Nf7 Nf4 23. Qf3 Nxh3+ 24. Qxh3 Qxe4 25. Nxd8 Rxd8 26. Rae1 Qc4 27. f4 Nd5 28. fxe5 dxe5 29. Qf3 Rf8 30. Qe2 Rxf1+ 31. Kxf1 Ne3+ 32. Kg1 Qxe2 33. Rxe2 Nxg4 34. Re4 h5 35. Rc4 Bf8 36. Bc1 Bd6 37. Kg2 Nf6 38. b5 Nd5 39. Kf3 Nb6 40. Re4 Kb7 41. Be3 Nd5 42. Bh6 Nf6 43. Rc4 Nd5 44. Re4 Nf4 45. Re1 Kb6 46. Bxf4 exf4 47. Rg1 Ka5 48. Rxg6 Kxa4 49. Rg5 h4 50. Kg4 Kb4 51. Rf5 Bc5 52. Rf7 h3 53. Rxc7 Be3 54. Rb7 h2 55. Rh7 Kxb5 56. Rxh2 a5 57. Rb2+ Kc6 1/2-1/2

[Event "IECC KO-1071"]
[Site "IECC email"]
[Date "2007.11.02"]
[Round "?"]
[White "Simmons, Ernest"]
[Black "Sanchez, Juan Jose"]
[Result "0-1"]
[WhiteElo "1156"]
[BlackElo "1337"]
[PlyCount "22"]
[EventDate "2007.??.??"]
[EventType "match (corr)"]
[EventRounds "2"]
[SourceTitle "Corr 2020"]
[Source "ChessBase"]
[SourceDate "2019.09.30"]
[SourceVersion "1"]
[SourceVersionDate "2019.09.30"]
[SourceQuality "1"]
[WhiteTeam "United States"]
[BlackTeam "Argentina"]
[WhiteTeamCountry "USA"]
[BlackTeamCountry "ARG"]

1. d4 f5 2. c4 Nf6 3. Nc3 g6 4. e3 Bg7 5. Bd3 d6 6. Nf3 e5 7. dxe5 dxe5 8. Nxe5 Ne4 9. f4 Bxe5 10. fxe5 Qh4+ 11. Ke2 Qf2# 0-1

[Event "IECC CL6-2007.13 email"]
[Site "IECC email"]
[Date "2007.10.27"]
[Round "?"]
[White "Sanchez, Juan Jose"]
[Black "Marques, Joao"]
[Result "1-0"]
[WhiteElo "1403"]
[BlackElo "1288"]
[PlyCount "59"]
[EventDate "2007.??.??"]
[EventType "tourn (corr)"]
[EventRounds "4"]
[SourceTitle "Corr 2020"]
[Source "ChessBase"]
[SourceDate "2019.09.30"]
[SourceVersion "1"]
[SourceVersionDate "2019.09.30"]
[SourceQuality "1"]
[WhiteTeam "Argentina"]
[BlackTeam "Brazil"]
[WhiteTeamCountry "ARG"]
[BlackTeamCountry "BRA"]

1. e4 c5 2. Nf3 e6 3. d4 cxd4 4. Nxd4 a6 5. Bd3 Nf6 6. 0-0 Qc7 7. c4 Nc6 8. Nf3 Be7 9. Nc3 0-0 10. h3 d6 11. Be3 b6 12. Rc1 Ne5 13. Nxe5 dxe5 14. c5 bxc5 15. Na4 Qb7 16. Qe2 Nd7 17. Nxc5 Nxc5 18. Bxc5 Bxc5 19. Rxc5 f6 20. Rfc1 Rf7 21. Rc6 g6 22. Bxa6 Rxa6 23. Rxc8+ Kg7 24. a3 Rb6 25. b4 Ra6 26. Qd3 Rd7 27. Qxd7+ Qxd7 28. R8c7 Qxc7 29. Rxc7+ Kg8 30. b5 1-0

[Event "IECC KO-1070"]
[Site "IECC email"]
[Date "2007.10.26"]
[Round "?"]
[White "Sanchez, Juan Jose"]
[Black "Pollard, Richard"]
[Result "1-0"]
[WhiteElo "1434"]
[BlackElo "1120"]
[PlyCount "79"]
[EventDate "2007.??.??"]
[EventType "match (corr)"]
[EventRounds "2"]
[SourceTitle "Corr 2020"]
[Source "ChessBase"]
[SourceDate "2019.09.30"]
[SourceVersion "1"]
[SourceVersionDate "2019.09.30"]
[SourceQuality "1"]
[WhiteTeam "Argentina"]
[BlackTeam "United States"]
[WhiteTeamCountry "ARG"]
[BlackTeamCountry "USA"]

1. e4 e5 2. Nf3 Nc6 3. Bc4 Bc5 4. b4 Bxb4 5. c3 Ba5 6. d4 d6 7. Qb3 Qd7 8. dxe5 Bb6 9. Nbd2 Na5 10. Qc2 Nxc4 11. Nxc4 Bc5 12. exd6 cxd6 13. 0-0 b5 14. Ncd2 Ne7 15. Nb3 0-0 16. Nxc5 dxc5 17. Be3 c4 18. a4 bxa4 19. Rxa4 Qc7 20. Qa2 a6 21. Rxc4 Qd8 22. Qc2 Ng6 23. Rd1 Qa5 24. Rc5 Qa3 25. Rcd5 Re8 26. Bc5 Qa5 27. Bd6 Qb6 28. c4 Bg4 29. c5 Qc6 30. Qd3 Nh4 31. Nd4 Qc8 32. f3 Bd7 33. Qc3 Bc6 34. Rh5 Rxe4 35. Nxc6 Qxc6 36. fxe4 Qxe4 37. Rg5 f6 38. Re1 Qc6 39. Rxg7+ Kxg7 40. Re7+ 1-0

[Event "IECC O-2669"]
[Site "IECC email"]
[Date "2007.10.08"]
[Round "?"]
[White "Sanchez, Juan Jose"]
[Black "Herr, Lynn"]
[Result "1-0"]
[WhiteElo "1364"]
[BlackElo "1100"]
[PlyCount "57"]
[EventDate "2007.??.??"]
[EventType "swiss (corr)"]
[EventRounds "2"]
[SourceTitle "Corr 2020"]
[Source "ChessBase"]
[SourceDate "2019.09.30"]
[SourceVersion "1"]
[SourceVersionDate "2019.09.30"]
[SourceQuality "1"]
[WhiteTeam "Argentina"]
[BlackTeam "United States"]
[WhiteTeamCountry "ARG"]
[BlackTeamCountry "USA"]

1. e4 e5 2. Nf3 Nc6 3. d4 exd4 4. Nxd4 Bc5 5. Be3 Qf6 6. c3 Nge7 7. Bc4 0-0 8. 0-0 Ne5 9. Be2 d5 10. f4 N5c6 11. e5 Qh4 12. Qd2 a6 13. Nxc6 Bxe3+ 14. Qxe3 Nxc6 15. Nd2 Qe7 16. Nb3 b6 17. Bf3 Qd8 18. c4 Ne7 19. Rac1 Bb7 20. Rfd1 c6 21. Be4 Rc8 22. a3 b5 23. cxb5 axb5 24. Bd3 Ra8 25. Re1 b4 26. axb4 Ba6 27. Bb1 Rb8 28. f5 Qb6 29. Nc5 1-0

[Event "IECC KO-1068"]
[Site "IECC email"]
[Date "2007.09.27"]
[Round "?"]
[White "Moyer, Terrence"]
[Black "Sanchez, Juan Jose"]
[Result "0-1"]
[WhiteElo "1004"]
[BlackElo "1438"]
[PlyCount "68"]
[EventDate "2007.??.??"]
[EventType "match (corr)"]
[EventRounds "2"]
[SourceTitle "Corr 2020"]
[Source "ChessBase"]
[SourceDate "2019.09.30"]
[SourceVersion "1"]
[SourceVersionDate "2019.09.30"]
[SourceQuality "1"]
[WhiteTeam "Canada"]
[BlackTeam "Argentina"]
[WhiteTeamCountry "CAN"]
[BlackTeamCountry "ARG"]

1. d4 f5 2. Nf3 Nf6 3. e3 g6 4. Bc4 d5 5. Bb3 Bg7 6. Nc3 e6 7. 0-0 a5 8. Ba4+ c6 9. Ne5 b5 10. Nxc6 Nxc6 11. Bxb5 Bd7 12. Na4 Ne4 13. f3 Nd6 14. Nc5 Nxb5 15. Qd3 Rb8 16. e4 Bxd4+ 17. Be3 Nb4 18. Qb3 Nxc2 19. Qxc2 Bxe3+ 20. Kh1 Qc7 21. exf5 Qxc5 22. Qxc5 Bxc5 23. fxe6 Bxe6 24. Rfe1 Kf7 25. Rac1 Rhc8 26. a3 Nd4 27. b4 axb4 28. axb4 Bxb4 29. Red1 Rxc1 30. Rxc1 Bd6 31. g3 Rb2 32. Rf1 Bh3 33. Rd1 Bg2+ 34. Kg1 Nxf3# 0-1

[Event "IECC O-2655"]
[Site "IECC email"]
[Date "2007.09.24"]
[Round "?"]
[White "Sanchez, Juan Jose"]
[Black "Larson, John"]
[Result "1-0"]
[WhiteElo "1384"]
[BlackElo "1182"]
[PlyCount "63"]
[EventDate "2007.??.??"]
[EventType "swiss (corr)"]
[EventRounds "2"]
[SourceTitle "Corr 2020"]
[Source "ChessBase"]
[SourceDate "2019.09.30"]
[SourceVersion "1"]
[SourceVersionDate "2019.09.30"]
[SourceQuality "1"]
[WhiteTeam "Argentina"]
[BlackTeam "United States"]
[WhiteTeamCountry "ARG"]
[BlackTeamCountry "USA"]

1. e4 e5 2. Nf3 Nc6 3. Bc4 Bc5 4. b4 Bxb4 5. c3 Ba5 6. d4 exd4 7. 0-0 Nge7 8. cxd4 d5 9. exd5 Nxd5 10. Qb3 Be6 11. Ba3 Bb4 12. Bxb4 Ncxb4 13. a3 Nc6 14. Qxb7 Na5 15. Qa6 Nxc4 16. Qc6+ Ke7 17. Qxc4 Re8 18. Qc2 Nf6 19. Rc1 Kf8 20. Nbd2 Re7 21. Qc5 Kg8 22. Re1 Rd7 23. Rac1 h6 24. a4 a5 25. Nc4 Rd5 26. Qa3 Rb8 27. Nce5 Rb7 28. Nc6 Qd6 29. Qc3 Rh5 30. Re5 Rxe5 31. dxe5 Ne4 32. Qe3 1-0

[Event "IECC CL7-2007.10 email"]
[Site "IECC email"]
[Date "2007.08.17"]
[Round "?"]
[White "Renze, John"]
[Black "Sanchez, Juan Jose"]
[Result "0-1"]
[WhiteElo "1160"]
[BlackElo "1308"]
[PlyCount "34"]
[EventDate "2007.??.??"]
[EventType "tourn (corr)"]
[EventRounds "4"]
[SourceTitle "Corr 2011"]
[Source "ChessBase"]
[SourceDate "2010.08.31"]
[SourceVersion "1"]
[SourceVersionDate "2010.08.31"]
[SourceQuality "1"]
[WhiteTeam "Italy"]
[BlackTeam "Chile"]
[WhiteTeamCountry "ITA"]
[BlackTeamCountry "CHI"]

1. e4 c6 2. c4 d5 3. cxd5 cxd5 4. exd5 Nf6 5. Nc3 Nxd5 6. Nf3 Nc6 7. Bb5 e6 8. 0-0 Be7 9. d4 0-0 10. Re1 Qd6 11. a3 Bd7 12. Ne4 Qc7 13. Bd3 Rae8 14. Nfg5 f5 15. Nc5 Bxc5 16. dxc5 Ne5 17. Bf4 Nxf4 0-1

[Event "IECC KO-1070"]
[Site "IECC email"]
[Date "2007.07.07"]
[Round "?"]
[White "Sanchez, Juan Jose"]
[Black "Mitchell, TT."]
[Result "1-0"]
[WhiteElo "1305"]
[BlackElo "928"]
[PlyCount "33"]
[EventDate "2007.??.??"]
[EventType "match (corr)"]
[EventRounds "2"]
[SourceTitle "Corr 2011"]
[Source "ChessBase"]
[SourceDate "2010.08.31"]
[SourceVersion "1"]
[SourceVersionDate "2010.08.31"]
[SourceQuality "1"]
[WhiteTeam "Italy"]
[BlackTeam "Chile"]
[WhiteTeamCountry "ITA"]
[BlackTeamCountry "CHI"]

1. e4 b6 2. d4 e6 3. Nf3 Ba6 4. c4 f6 5. Bd3 Bb4+ 6. Nbd2 Ne7 7. 0-0 0-0 8. b3 Bc3 9. Rb1 d6 10. Qc2 Bxd2 11. Bxd2 d5 12. exd5 exd5 13. Bxh7+ Kf7 14. Nh4 Rh8 15. Ng6 Nxg6 16. Bxg6+ Kf8 17. Rfe1 1-0

[Event "IECC O-2616"]
[Site "IECC email"]
[Date "2007.06.20"]
[Round "?"]
[White "Cravens, Earl"]
[Black "Sanchez, Juan Jose"]
[Result "0-1"]
[WhiteElo "1091"]
[BlackElo "1110"]
[PlyCount "44"]
[EventDate "2007.??.??"]
[EventType "swiss (corr)"]
[EventRounds "2"]
[SourceTitle "Corr 2011"]
[Source "ChessBase"]
[SourceDate "2010.08.31"]
[SourceVersion "1"]
[SourceVersionDate "2010.08.31"]
[SourceQuality "1"]
[WhiteTeam "US of America"]
[BlackTeam "South Africa"]
[WhiteTeamCountry "USA"]
[BlackTeamCountry "RSA"]

1. e4 c6 2. d4 d5 3. Nc3 dxe4 4. Nxe4 Nd7 5. g3 Ngf6 6. Bg2 Nxe4 7. Bxe4 Nf6 8. Bf3 Bf5 9. Ne2 e6 10. a3 Qb6 11. 0-0 h5 12. Nc3 0-0-0 13. Na4 Qxd4 14. Nc3 Qc4 15. Qe2 Qxe2 16. Nxe2 Ng4 17. h3 Ne5 18. Bg2 Nc4 19. Kh1 Bxc2 20. Bf3 Nd2 21. Bxd2 Rxd2 22. b4 g5 0-1

[Event "IECC CL7-2007.08 email"]
[Site "IECC email"]
[Date "2007.06.18"]
[Round "?"]
[White "Renze, John"]
[Black "Sanchez, Juan Jose"]
[Result "0-1"]
[WhiteElo "1170"]
[BlackElo "1157"]
[PlyCount "54"]
[EventDate "2007.??.??"]
[EventType "tourn (corr)"]
[EventRounds "4"]
[SourceTitle "Corr 2011"]
[Source "ChessBase"]
[SourceDate "2010.08.31"]
[SourceVersion "1"]
[SourceVersionDate "2010.08.31"]
[SourceQuality "1"]
[WhiteTeam "Italy"]
[BlackTeam "Chile"]
[WhiteTeamCountry "ITA"]
[BlackTeamCountry "CHI"]

1. e4 c6 2. c4 d5 3. cxd5 cxd5 4. exd5 Nf6 5. Nc3 Nxd5 6. Nf3 e6 7. Bc4 Nxc3 8. bxc3 Qc7 9. Qe2 Nd7 10. 0-0 Bd6 11. d4 0-0 12. Bd3 b6 13. c4 Bb7 14. Bb2 Bxf3 15. Qxf3 Bxh2+ 16. Kh1 Bd6 17. d5 Be5 18. Qh5 f5 19. Bxe5 Nxe5 20. Qe2 Rae8 21. dxe6 Ng4 22. g3 Qc6+ 23. Kg1 Rxe6 24. Qc2 Rh6 25. f3 Qc5+ 26. Rf2 Nxf2 27. Qxf2 Rh1+ 0-1

[Event "IECC CL7-2007.08 email"]
[Site "IECC email"]
[Date "2007.06.18"]
[Round "?"]
[White "Sanchez, Juan Jose"]
[Black "Christianson, Gary"]
[Result "1-0"]
[WhiteElo "1189"]
[BlackElo "1141"]
[PlyCount "85"]
[EventDate "2007.??.??"]
[EventType "tourn (corr)"]
[EventRounds "4"]
[SourceTitle "Corr 2011"]
[Source "ChessBase"]
[SourceDate "2010.08.31"]
[SourceVersion "1"]
[SourceVersionDate "2010.08.31"]
[SourceQuality "1"]
[WhiteTeam "Italy"]
[BlackTeam "Chile"]
[WhiteTeamCountry "ITA"]
[BlackTeamCountry "CHI"]

1. e4 c5 2. Nf3 d6 3. d4 cxd4 4. Nxd4 Nf6 5. Nc3 Nc6 6. Bg5 e5 7. Ndb5 a6 8. Na3 Be7 9. Nc4 h6 10. Bxf6 gxf6 11. Ne3 Nd4 12. Ncd5 f5 13. c3 Nc6 14. Nxf5 Bxf5 15. exf5 Bg5 16. g3 Ne7 17. h4 Nxd5 18. hxg5 Nc7 19. Qh5 Qd7 20. gxh6 Rh7 21. Qg5 Rh8 22. Bc4 b5 23. h7 Qe7 24. Qg7 Kd7 25. f6 Ne6 26. Qxh8 Rxh8 27. Bxb5+ axb5 28. fxe7 Kxe7 29. a4 bxa4 30. Rxa4 Nc5 31. Rg4 Kf8 32. Rh6 Ne6 33. Rxe6 fxe6 34. Rg8+ Rxg8 35. hxg8Q+ Kxg8 36. b4 Kf7 37. c4 e4 38. g4 Kf6 39. b5 Kg5 40. b6 Kxg4 41. b7 Kf5 42. b8Q Ke5 43. c5 1-0

[Event "IECC CL7-2007.08 email"]
[Site "IECC email"]
[Date "2007.06.18"]
[Round "?"]
[White "Sanchez, Juan Jose"]
[Black "Stevenson, Walter"]
[Result "1-0"]
[WhiteElo "1276"]
[BlackElo "1041"]
[PlyCount "43"]
[EventDate "2007.??.??"]
[EventType "tourn (corr)"]
[EventRounds "4"]
[SourceTitle "Corr 2011"]
[Source "ChessBase"]
[SourceDate "2010.08.31"]
[SourceVersion "1"]
[SourceVersionDate "2010.08.31"]
[SourceQuality "1"]
[WhiteTeam "Italy"]
[BlackTeam "Chile"]
[WhiteTeamCountry "ITA"]
[BlackTeamCountry "CHI"]

1. e4 c5 2. Nf3 d6 3. d4 cxd4 4. Nxd4 Nf6 5. Nc3 a6 6. Bg5 e6 7. f4 Be7 8. Qf3 Qc7 9. g4 h6 10. Bh4 Nc6 11. Nxc6 bxc6 12. 0-0-0 Bb7 13. Bg2 0-0 14. Bg3 c5 15. g5 Nd7 16. gxh6 gxh6 17. f5 e5 18. Rhg1 Kh7 19. f6 Nxf6 20. Bh3 Bc8 21. Bh4 Ng8 22. Qg3 1-0

[Event "IECC KO-1068"]
[Site "IECC email"]
[Date "2007.04.04"]
[Round "?"]
[White "Sanchez, Juan Jose"]
[Black "Maggiora, Aldo"]
[Result "1-0"]
[WhiteElo "1000"]
[BlackElo "1294"]
[PlyCount "61"]
[EventDate "2007.??.??"]
[EventType "match (corr)"]
[EventRounds "2"]
[SourceTitle "Corr 2008"]
[Source "ChessBase"]
[SourceDate "2008.06.24"]
[SourceVersion "1"]
[SourceVersionDate "2008.06.24"]
[SourceQuality "1"]
[WhiteTeam "Argentina"]
[BlackTeam "Italy"]
[WhiteTeamCountry "ARG"]
[BlackTeamCountry "ITA"]

1. e4 e6 2. d4 d5 3. Nc3 Nf6 4. Bg5 Bb4 5. e5 h6 6. Bd2 Bxc3 7. bxc3 Ne4 8. Qg4 g6 9. Bd3 Nxd2 10. Kxd2 c5 11. h4 Nc6 12. Nf3 Qa5 13. Qf4 cxd4 14. Nxd4 Nxd4 15. Qxd4 Bd7 16. Rhb1 Bc6 17. a4 Qc7 18. a5 Qe7 19. Rh1 h5 20. Rhb1 0-0 21. g4 Qxh4 22. gxh5 Qxh5 23. Rh1 Qg5+ 24. Ke2 Kg7 25. Rag1 Qe7 26. Qg4 Rg8 27. Bxg6 Kf8 28. Qf4 Ke8 29. Rh7 Rf8 30. Bxf7+ Kd8 31. Rg8 1-0

[Event "IECC KO email"]
[Site "IECC email"]
[Date "2002.11.20"]
[Round "?"]
[White "Sanchez, Juan Jose"]
[Black "Venturas, Bob"]
[Result "1-0"]
[WhiteElo "1133"]
[BlackElo "1037"]
[PlyCount "38"]
[EventDate "2002.??.??"]
[EventType "tourn (corr)"]
[EventRounds "6"]
[SourceTitle "Corr 2008"]
[Source "ChessBase"]
[SourceDate "2008.06.24"]
[SourceVersion "1"]
[SourceVersionDate "2008.06.24"]
[SourceQuality "1"]

1. e4 e5 2. Nf3 Nc6 3. d4 Qf6 4. d5 Nb8 5. Be3 h6 6. Qd3 d6 7. Nc3 a6 8. Qc4 Qe7 9. Bb6 cxb6 10. Qxc8+ Qd8 11. Qxb7 Nd7 12. Bxa6 Rb8 13. Qc6 Ne7 14. Qxd6 f6 15. Qe6 Ra8 16. Nb5 Qb8 17. d6 Nc5 18. Nc7+ Qxc7 19. Bb5+ Qd7 1-0

[Event "IECC O email"]
[Site "IECC email"]
[Date "2002.08.13"]
[Round "?"]
[White "Ladkin, Peter"]
[Black "Sanchez, Juan Jose"]
[Result "0-1"]
[WhiteElo "866"]
[BlackElo "1042"]
[PlyCount "56"]
[EventDate "2002.??.??"]
[EventType "tourn (corr)"]
[EventRounds "6"]
[SourceTitle "Corr 2008"]
[Source "ChessBase"]
[SourceDate "2008.06.24"]
[SourceVersion "1"]
[SourceVersionDate "2008.06.24"]
[SourceQuality "1"]

1. Nf3 Nf6 2. Nc3 d5 3. d4 Bg4 4. Ne5 Bh5 5. f3 Bg6 6. e3 e6 7. Bb5+ c6 8. Ba4 Bd6 9. e4 dxe4 10. fxe4 Nxe4 11. Qf3 Bxe5 12. Nxe4 Qxd4 13. Ng5 Qxa4 14. 0-0 Nd7 15. Nxf7 Bd4+ 16. Be3 Bxe3+ 17. Qxe3 Bxf7 18. Rad1 Rd8 19. Qg5 0-0 20. Rf4 Qxc2 21. Rdf1 Qxb2 22. Rxf7 Qb6+ 23. R7f2 Nf6 24. Kh1 Qxf2 25. Qc1 Qxa2 26. h3 Rd2 27. Qe1 Rxg2 28. h4 Rh2+ 0-1

[Event "CAPA 7/I/19 email"]
[Site "Argentina"]
[Date "2000.??.??"]
[Round "7"]
[White "Olgiati, Rafael"]
[Black "Sanchez, Juan Jose"]
[Result "0-1"]
[WhiteElo "2155"]
[BlackElo "2000"]
[PlyCount "64"]
[EventDate "2000.??.??"]
[EventType "tourn (corr)"]
[EventRounds "6"]
[EventCountry "ARG"]
[SourceTitle "Corr 2002"]
[Source "ChessBase"]
[SourceDate "2002.05.23"]
[SourceVersion "1"]
[SourceVersionDate "2002.05.23"]
[SourceQuality "1"]

1. Nf3 Nf6 2. d4 g6 3. c4 Bg7 4. Nc3 0-0 5. e4 d6 6. h3 e5 7. dxe5 dxe5 8. Qxd8 Rxd8 9. Bg5 Re8 10. Nd5 Nxd5 11. cxd5 c6 12. Rd1 cxd5 13. exd5 e4 14. Bb5 Bd7 15. Bxd7 Nxd7 16. Nd4 Re5 17. Be3 Rxd5 18. Ke2 Rc8 19. Rc1 Rxc1 20. Rxc1 Nb6 21. Nb3 Bxb2 22. Rc7 Na4 23. Bxa7 b6 24. f3 Nc3+ 25. Kf2 exf3 26. gxf3 Rd6 27. Rc8+ Kg7 28. Bb8 Rd5 29. a3 Nb5 30. Bf4 Nxa3 31. Be3 b5 32. Ke2 Rh5 0-1